000 01190nam a2200301Ia 4500
001 ebr10330170
003 CaPaEBR
006 m u
007 cr cn|||||||||
008 081114s2009 nju sb 001 0 eng d
010 _z 2008049904
020 _z9780470474266 (cloth)
040 _aCaPaEBR
_cCaPaEBR
035 _a(OCoLC)463430911
050 1 4 _aR856.4
_b.A23 2009eb
082 0 4 _a610.28/4
_222
100 1 _aAbdel-aleem, Salah.
245 1 0 _aDesign, execution, and management of medical device clinical trials
_h[electronic resource] /
_cSalah Abdel-aleem.
260 _aHoboken, N.J. :
_bJohn Wiley & Sons,
_cc2009.
300 _axxi, 272 p.
504 _aIncludes bibliographical references and index.
533 _aElectronic reproduction.
_bPalo Alto, Calif. :
_cebrary,
_d2009.
_nAvailable via World Wide Web.
_nAccess may be limited to ebrary affiliated libraries.
650 0 _aMedical instruments and apparatus
_xResearch.
650 0 _aClinical trials.
655 7 _aElectronic books.
_2local
710 2 _aebrary, Inc.
856 4 0 _uhttp://site.ebrary.com/lib/rucke/Doc?id=10330170
_zAn electronic book accessible through the World Wide Web; click to view
999 _c67371
_d67371